Účastníci daňového konania a dokazovanie v daňovom konaní
Účastníci daňového konania. Zastupovanie v daňovom konaní. Postavenie svedka v daňovom konaní a jeho povinnosti. Náklady daňového konania. Dokazovanie v daňovom konaní. Doručovania v daňovom konaní.
Salvato in:
| Autore principale: | |
|---|---|
| Natura: | Capitolo di libro |
| Lingua: | slovacco |
| Soggetti: | |
| Tags: |
Nessun Tag, puoi essere il primo ad aggiungerne!!
|
MARC
| LEADER | 00000naa a2200000 4500 | ||
|---|---|---|---|
| 001 | r045936 | ||
| 005 | 20250721122249.4 | ||
| 041 | 0 | |a slo | |
| 044 | |a SK | ||
| 245 | 1 | 0 | |a Účastníci daňového konania a dokazovanie v daňovom konaní |c Slávka Chrenková |
| 520 | |a Účastníci daňového konania. Zastupovanie v daňovom konaní. Postavenie svedka v daňovom konaní a jeho povinnosti. Náklady daňového konania. Dokazovanie v daňovom konaní. Doručovania v daňovom konaní. | ||
| 610 | 2 | 0 | |a konanie daňové |
| 610 | 2 | 0 | |a dokazovanie |
| 610 | 2 | 0 | |a správa daňová |
| 610 | 2 | 0 | |a kontrola daňová |
| 610 | 2 | 0 | |a zamestnanci |
| 610 | 2 | 0 | |a delegovanie právomoci |
| 610 | 2 | 0 | |a písomnosti účtovné |
| 100 | 1 | |a Chrenková, Slávka | |